| 000 | 00570nam a2200145 i 4500 | ||
|---|---|---|---|
| 001 | 185258 | ||
| 003 | ES-MaACL | ||
| 005 | 20230906222400.0 | ||
| 008 | 160428s1918 it |||| | ita d | ||
| 245 | 0 | 0 |
_aPer il quinto prestito nazionale consolidato 5% : _bConsorzio bancario presieduto dal direttore generale della Banca d'Italia. |
| 260 |
_aRoma : _b[s.n.], _c1918 ( _fTip. della Camera dei Deputati di C. Colombo) |
||
| 300 |
_aXVIII, 43 p. ; _c21 cm. |
||
| 650 | 4 |
_aGuerra mundial, 1914-1918- _xAspectos económicos- _zItalia. _9159459 |
|
| 852 |
_aES-MaACL _j1535-F-19 |
||
| 999 |
_c185258 _d185258 |
||